| 000 | 01858nam a2200481 c 4500 | ||
|---|---|---|---|
| 999 |
_c24849 _d24849 |
||
| 001 | 24849 | ||
| 003 | ES-MaCES | ||
| 005 | 20191213040010.0 | ||
| 008 | 130213s2012 sp d t o000 | spa d | ||
| 017 |
_aM 38830-2012 _bDL |
||
| 020 | _a9788484174424 | ||
| 024 | 7 |
_a270-12-108-8 _2nipo |
|
| 035 | _aCES20130000358m | ||
| 040 |
_aES-MaCES _bspa _cES-MaCES |
||
| 100 | 1 |
_aCarrasco Carpio, Concepción _99069 |
|
| 245 | 1 | 0 |
_aInmigración y mercado de trabajo _b: informe 2011 _cConcepción Carrasco Carpio, Carlos García Serrano |
| 260 |
_aMadrid _bSubdirección General de Información Administrativa y Publicaciones, Ministerio de Empleo y Seguridad Social _c[2012] |
||
| 300 |
_a181 p. _c22 cm |
||
| 490 | 1 |
_aDocumentos del Observatorio Permanente de la Inmigración _v28 |
|
| 500 | _aAnteriormente, v.a.: Ministerio de Trabajo e Inmigración | ||
| 504 | _aBibliografía: p. 163-166 | ||
| 541 | _cGratuito | ||
| 650 | 4 |
_ainforme _928986 |
|
| 650 | 4 |
_a2011 _931999 |
|
| 650 | 4 |
_aComunidades Autónomas _930768 |
|
| 650 | 4 |
_aEspaña _926964 |
|
| 650 | 4 |
_acondiciones de empleo _930040 |
|
| 650 | 4 |
_acondiciones de trabajo _928327 |
|
| 650 | 4 |
_atrabajador migrante _928408 |
|
| 650 | 4 |
_aempleo _928299 |
|
| 650 | 4 |
_amercado de trabajo _928292 |
|
| 650 | 4 |
_ainmigrante _928631 |
|
| 650 | 4 |
_ainmigración _928632 |
|
| 653 | 1 | 0 | _aEmpleo |
| 700 | 1 |
_913075 _aGarcía Serrano, Carlos |
|
| 710 | 1 |
_aEspaña _bSecretaría de Estado de Inmigración y Emigración _bObservatorio Permanente de la Inmigración _93364 |
|
| 710 | 2 |
_aEspaña _bMinisterio de Empleo y Seguridad Social _eed. _93243 |
|
| 787 | 0 |
_tInmigración y mercado de trabajo _w(ES-MaCES)23492 |
|
| 830 | 0 |
_aDocumentos del Observatorio Permanente de la Inmigración _v28 _934087 |
|
| 902 | _aLIB Libro | ||
| 942 |
_2CES _cBK _h2.1. |
||